Normal view
MARC view
- MEDICAL ELECTRONICS.BIOMEDICAL INSTRUMENTATIONS
Entry Topical Term
001 - CONTROL NUMBER
- control field: 62212
003 - CONTROL NUMBER IDENTIFIER
- control field: NUST
005 - DATE AND TIME OF LATEST TRANSACTION
- control field: 20210628202909.0
008 - FIXED-LENGTH DATA ELEMENTS
- fixed length control field: 210628|| aca||aabn | a|a d
040 ## - CATALOGING SOURCE
- Original cataloging agency: NUST
- Transcribing agency: NUST
150 ## - HEADING--TOPICAL TERM
- Topical term or geographic name entry element: MEDICAL ELECTRONICS.BIOMEDICAL INSTRUMENTATIONS
670 ## - SOURCE DATA FOUND
- Source citation: Work cat.: (NUST): Rao, C. Raja, Guha, S.K 62211, Principles of medical electronics and biomedical instrumentation, 2005
